Reading (Elementary)
This book offers elementary students of English a wide variety of authentic reading material, including poetry. The texts are grouped together by theme. The exercises are task-based and developed skills in global and intensive reading, pre-reading and predicting, and vocabulary development. The book...
সংরক্ষণ করুন:
| প্রধান লেখক: | |
|---|---|
| বিন্যাস: | গ্রন্থ |
| ভাষা: | Undetermined |
| প্রকাশিত: |
Oxford
Oxford Univ. Press
1994
|
| বিষয়গুলি: | |
| ট্যাগগুলো: |
ট্যাগ যুক্ত করুন
কোনো ট্যাগ নেই, প্রথমজন হিসাবে ট্যাগ করুন!
|
| Thư viện lưu trữ: | Trung tâm Học liệu Trường Đại học Cần Thơ |
|---|
| LEADER | 00948nam a2200205Ia 4500 | ||
|---|---|---|---|
| 001 | CTU_35414 | ||
| 008 | 210402s9999 xx 000 0 und d | ||
| 020 | |b 66.000đ | ||
| 082 | |a 428.24 | ||
| 082 | |b R287e | ||
| 100 | |a Rosemary Scott | ||
| 245 | 0 | |a Reading (Elementary) | |
| 245 | 0 | |c Rosemary Scott | |
| 260 | |a Oxford | ||
| 260 | |b Oxford Univ. Press | ||
| 260 | |c 1994 | ||
| 520 | |a This book offers elementary students of English a wide variety of authentic reading material, including poetry. The texts are grouped together by theme. The exercises are task-based and developed skills in global and intensive reading, pre-reading and predicting, and vocabulary development. The book contains an introduction to the teacher and a Key | ||
| 650 | |a english language - study and teaching,english language - textbooks for foreign speakers,readers,reading | ||
| 904 | |i Minh, 000229 | ||
| 980 | |a Trung tâm Học liệu Trường Đại học Cần Thơ | ||